Особенности поверхностного стока на территории агломерации города Горно-Алтайска; Творчество юных - шаг в успешное будущее

Bibliografske podrobnosti
Parent link:Творчество юных - шаг в успешное будущее.— 2015.— [С. 296-299]
Glavni avtor: Габитов Р. В.
Korporativna značnica: Национальный исследовательский Томский политехнический университет (ТПУ) Институт природных ресурсов (ИПР) Кафедра геоэкологии и геохимии (ГЭГХ)
Drugi avtorji: Перегудина Е. В. Елена Владимировна (научный руководитель)
Izvleček:Заглавие с титульного экрана
Jezik:ruščina
Izdano: 2015
Serija:Геоэкология и экология водных систем
Teme:
Online dostop:http://earchive.tpu.ru/handle/11683/15857
Format: MixedMaterials Elektronski Book Chapter
KOHA link:https://koha.lib.tpu.ru/cgi-bin/koha/opac-detail.pl?biblionumber=617343

MARC

LEADER 00000naa2a2200000 4500
001 617343
005 20240119141459.0
035 |a (RuTPU)RU\TPU\conf\15656 
035 |a RU\TPU\conf\15655 
090 |a 617343 
100 |a 20160301d2015 k y0rusy50 ca 
101 0 |a rus 
102 |a RU 
105 |a y z 101zy 
135 |a drcn ---uucaa 
181 0 |a i  
182 0 |a b 
200 1 |a Особенности поверхностного стока на территории агломерации города Горно-Алтайска  |f Р. В. Габитов  |g науч. рук. Е. В. Перегудина 
203 |a Текст  |c электронный 
225 1 |a Геоэкология и экология водных систем 
300 |a Заглавие с титульного экрана 
320 |a [Библиогр.: с. 298-299 (5 назв.)] 
463 0 |0 (RuTPU)RU\TPU\conf\15338  |t Творчество юных - шаг в успешное будущее  |o материалы VIII Всероссийской научной студенческой конференции с элементами научной школы имени профессора М. К. Коровина, г. Томск, 23-27 ноября 2015 г.  |f Национальный исследовательский Томский политехнический университет (ТПУ) ; под ред. А. Ю. Дмитриева  |v [С. 296-299]  |d 2015 
610 1 |a труды учёных ТПУ 
610 1 |a электронный ресурс 
610 1 |a поверхностные стоки 
610 1 |a Горно-Алтайск 
610 1 |a агломерация 
610 1 |a пресные водоемы 
610 1 |a экология 
700 1 |a Габитов  |b Р. В. 
702 1 |a Перегудина  |b Е. В.  |c геохимик  |c ассистент Томского политехнического университета  |f 1975-  |g Елена Владимировна  |4 727 
712 0 2 |a Национальный исследовательский Томский политехнический университет (ТПУ)  |b Институт природных ресурсов (ИПР)  |b Кафедра геоэкологии и геохимии (ГЭГХ)  |3 (RuTPU)RU\TPU\col\18658 
801 2 |a RU  |b 63413507  |c 20180216  |g RCR 
856 4 |u http://earchive.tpu.ru/handle/11683/15857 
942 |c BK